| 000 | 01678aam a2200325 i 4500 | ||
|---|---|---|---|
| 001 | 768714001 | ||
| 003 | CO-MdFUSB | ||
| 005 | 20211216160843.0 | ||
| 007 | ta | ||
| 008 | 211216t1961 -usa|||| |||| 00| 0 eng d | ||
| 020 | _a[No incluye ISBN] | ||
| 040 |
_bspa. _aCO-MdFUSB _cCO-MdFUSB _dCO-MdFUSBC _erda |
||
| 041 | _aeng | ||
| 082 | 0 | 4 |
_a296.155 _223 _bC9511a |
| 100 | 1 |
_aCross, Frank Moore _eautor |
|
| 245 | 1 | 4 |
_aThe ancient library of Qumran and modern biblical studies _c/ Fank Moore Cross, Jr |
| 250 | _aedición revisada | ||
| 264 | 1 |
_aGarden City, N.Y., USA : _bAnchor Books, _c[1961] |
|
| 264 | 4 | _c© 1961 | |
| 300 |
_a260 páginas _c; 18 cm |
||
| 336 |
_atexto _btxt _2rdacontent |
||
| 337 |
_2rdamedia _asin mediación _bn |
||
| 338 |
_2rdacarrier _avolumen _bnc |
||
| 505 | _aDescubrimiento de una biblioteca antigua. La primera cueva; Nuevos tesoros del desierto; Un catálogo de la biblioteca - Los esenios, la gente de los pergaminos. -- Una comunidad esenia en el desierto; Las fuentes antiguas y los nuevos pergaminos: el maestro justo y los orígenes esenios. -- Prolegómenos al estudio de los comentarios; El maestro justo y el sacerdote inicuo - El Antiguo Testamento en Qumran. -- Los pergaminos y la crítica histórica; El texto arcaico del Antiguo Testamento; Primeras recensiones del Antiguo Testamento - Los esenios y la iglesia primitiva. Lenguaje teológico común: el Evangelio de Juan; Algunos temas escatológicos comunes; El orden y las instituciones litúrgicas de las "comunidades apocalípticas". | ||
| 563 | _aRústico | ||
| 650 | 7 |
_980 _aComunidad de Qumrán |
|
| 942 | _cBK | ||
| 945 | _aJTF-925 | ||
| 999 |
_c39248 _d39248 |
||